Responses for show #3623 - Wednesday, May 10, 2000

2000 Tournament of Champions quarterfinal game 3.
From the Atlanta Civic Center.

Contestants

[<< previous game]

Janet Wong, a college senior from Eatontown, New Jersey

Jack Archey, a C.P.A. and comedian from Los Angeles, California

Eddie Timanus, a sportswriter from Arlington, Virginia

[next game >>]

Jeopardy! Round responses

PEOPLE IN SPACE
HAIL, HAIL ROCK 'N' ROLL
THE INTERNET
FOOD & DRINK
SCANDALOUS WOMEN
LETTER AFTER K
(Alex: The contestants have to name the single letter that follows "K" in the abbreviations we will bring to your attention.)
    $100 1
Sally Ride

Janet
    $100 3
"American Pie"

Janet
    $100 11
DSL

Eddie
    $100 16
Olives

Jack
    $100 26
Pirate

Eddie
    $100 17
Y (KY - Kentucky)

Eddie
    $200 2
Skylab

Jack
    $200 4
Andy Gibb

Janet
    $200 12
.edu

Janet
    $200 22
Sauerkraut

Janet
    $200 27
New Orleans

Eddie
    $200 18
P (KP)

Jack
    $300 6
Gemini

Eddie
    $300 5
Tchaikovsky

Eddie
    $300 13
Privacy

Triple Stumper
    $300 23
Wienerschnitzel

Eddie
    $300 28
(E: Who is Bloom?)
(Jack: Who is Gypsy?)

Amelia Bloomer

EddieJack
Triple Stumper
    $300 19
M (KM - kilometer)

Jack
    $400 7
(Janet: Who is John Glenn?)

Scott Carpenter

Janet
Triple Stumper
    $400 9
Three Dog Night

Eddie
    $400 14
GeoCities

Janet
    $400 24
a frappe (or Frappuccino)

Triple Stumper
    $400 29
Ma Barker

Eddie
    $500 20
L (KLM)

Jack
    $500 8
Mir

Eddie
    $500 10
(Eddie: Any more in that one?)
(Alex: Nope.)

"Uptight"

Triple Stumper
    $500 15
Usenet

Eddie
    $500 25
Vidalia onion

Jack
    $500 30
Calamity Jane (Martha Jane Canary)

Eddie
    $500 21
R (KR - krypton)

Eddie

Scores at the first commercial break (after clue 13):

Eddie Jack Janet
$1,600 $200 $200

Scores at the end of the Jeopardy! Round:

Eddie Jack Janet
$3,900 $1,500 $800

Double Jeopardy! Round responses

PEOPLE IN SPACE FILMS
PENINSULAS
TOUGH STUFF
THE 18th CENTURY
PLAY STATION
"N" '64
(Alex: All of the correct responses will begin with the letter N, and they will all relate to 1964.)
    $200 1
Will Smith

Jack
    $200 6
Norway & Sweden

Janet
    $200 22
San Diego Padres

Eddie
    $200 9
Comet

Eddie
    $200 21
Amadeus

Jack
    $200 8
Nobel Prize

Eddie
    $400 2
Galaxy Quest

Triple Stumper
    $400 7
Sinai Peninsula

Jack
    $400 24
Berserk

Triple Stumper
    $2,700 10
Pitcairn

Eddie
    $400 23
Ragtime

Jack
    $400 15
Joe Namath

Jack
    $600 3
HAL (voice of the computer)

Janet
    $600 14
Arabian Peninsula

Triple Stumper
    $600 28
Camille Saint-Saens

Triple Stumper
    $600 11
(Jack: What is Louisiana?)

Haiti

JackJanet
    $1,500 25
Three Sisters

Jack
    $600 16
New York City (World Trade Center)

Eddie
    $800 4
Lacey Chabert

Janet
    $800 19
Antarctica

Eddie
    $800 29
(E: What is Why did I do that?)

Pocket Books

Eddie
Triple Stumper
    $800 12
Regime

Triple Stumper
    $800 26
(E: Who is Sophocles?)

Christopher Marlowe

EddieJack
    $800 17
Jawaharlal Nehru

Janet
    $1000 5
Natalie Portman

Janet
    $1000 20
Bataan

Triple Stumper
    $1000 30
(Jack: What is Kashmir?)

Rajasthan

Jack
Triple Stumper
    $1000 13
Robert Clive

Triple Stumper
    $1000 27
I Am A Camera (The musical was "Cabaret")

Triple Stumper
    $1000 18
Netherlands

Triple Stumper

Scores at the end of the Double Jeopardy! Round:

Eddie Jack Janet
$7,000 $3,800 $4,800

Final Jeopardy! Round responses

LITERATURE
JackWhat is Mein Kampf?
$3,800
JanetWhat is Catch-22?
$3,200
EddieWHAT
$2,601
Tropic of Cancer (by Henry Miller)

Final scores:

Eddie Jack Janet
$4,399 $0 $1,600
Automatic semifinalist 3rd place: $2,500 if eliminated 2nd place: $2,500 if eliminated

Game dynamics:

Coryat scores:

Eddie Jack Janet
$4,700 $2,800 $4,800
19 R
(including 1 DD),
3 W
13 R
(including 2 DDs),
3 W
12 R,
1 W

Combined Coryat: $12,300

The J! Archive is created by fans, for fans. The Jeopardy! game show and all elements thereof, including but not limited to copyright and trademark thereto, are the property of Jeopardy Productions, Inc. and are protected under law. This website is not affiliated with, sponsored by, or operated by Jeopardy Productions, Inc. Join the discussion at JBoard.tv.